MARC details
| 000 -CABECERA |
| campo de control de longitud fija |
03165nam a2200373 i 4500 |
| 001 - NÚMERO DE CONTROL |
| campo de control |
991061272215906706 |
| 003 - IDENTIFICADOR DEL NÚMERO DE CONTROL |
| campo de control |
ES-BaIT |
| 005 - FECHA Y HORA DE LA ÚLTIMA TRANSACCIÓN |
| campo de control |
20260209085544.0 |
| 008 - DATOS DE LONGITUD FIJA--INFORMACIÓN GENERAL |
| campo de control de longitud fija |
250120e202308 ag o 000 0dspa|c |
| 020 ## - NÚMERO INTERNACIONAL ESTÁNDAR DEL LIBRO |
| Número Internacional Estándar del Libro |
9786319009101 |
| 040 ## - FUENTE DE LA CATALOGACIÓN |
| Centro catalogador/agencia de origen |
ES-BaIT |
| Lengua de catalogación |
cat |
| Normas de descripción |
rda |
| Centro/agencia transcriptor |
ES-BaIT |
| 041 1# - CÓDIGO DE LENGUA |
| Código de lengua del texto/banda sonora o título independiente |
spa |
| Código de lengua original |
rus |
| 080 ## - NÚMERO DE LA CLASIFICACIÓN DECIMAL UNIVERSAL |
| Número de la Clasificación Decimal Universal |
793.4.07Nijinski, Vàtslav |
| 100 1# - ENTRADA PRINCIPAL--NOMBRE DE PERSONA |
| Nombre de persona |
Nijinski, Vàtslav, |
| Fechas asociadas al nombre |
1890-1950 |
| Término indicativo de función/relación |
autor |
| 9 (RLIN) |
36251 |
| 240 10 - TÍTULO UNIFORME |
| Título uniforme |
Dnevnik Vatslava Nizhinskogo. |
| Lenguaje de la obra |
Castellà |
| 9 (RLIN) |
165613 |
| 245 10 - MENCIÓN DE TÍTULO |
| Título |
Cuadernos / |
| Mención de responsabilidad, etc. |
Váslav Nijinsky ; traducción e introducción de Fulvio Franchi ; epílogo de Marie Bardet |
| 250 ## - MENCIÓN DE EDICIÓN |
| Mención de edición |
Primera edición |
| 264 #1 - PRODUCCIÓN, PUBLICACIÓN, DISTRIBUCIÓN, FABRICACIÓN Y COPYRIGHT |
| Producción, publicación, distribución, fabricación y copyright |
Buenos Aires : |
| Nombre del de productor, editor, distribuidor, fabricante |
Rara Avis, |
| Fecha de producción, publicación, distribución, fabricación o copyright |
agosto de 2023. |
| 300 ## - DESCRIPCIÓN FÍSICA |
| Extensión |
220 pàgines : |
| Otras características físicas |
fotografies en blanc i negre ; |
| Dimensiones |
23 cm |
| 336 ## - TIPO DE CONTENIDO |
| Término de tipo de contenido |
text |
| Código de tipo de contenido |
txt |
| Fuente |
rdacontent |
| 337 ## - TIPO DE MEDIO |
| Nombre/término del tipo de medio |
sense mediació |
| Código del tipo de medio |
n |
| Fuente |
rdamedia |
| 338 ## - TIPO DE SOPORTE |
| Nombre/término del tipo de soporte |
volum |
| Código del tipo de soporte |
nc |
| Fuente |
rdacarrier |
| 490 1# - MENCIÓN DE SERIE |
| Mención de serie |
Ensayo |
| 520 ## - SUMARIO, ETC. |
| Sumario, etc. |
"Con saltos de casi tres metros de altura, increíbles suspensiones en el aire y un estilo en extremo sensual, Váslav Nijinsky revolucionó la danza. Fue la figura central de los Ballets Russes como bailarín y coreógrafo y allí se consolidó de cara al futuro como ícono queer, en el término de una carrera que solo duró diez años. Además de haber sido un bailarín descollante, quizás el más importante del siglo xx, desplegó una singularidad inolvidable. Su camino estuvo atravesado por las tormentosas relaciones que estableció con su mentor personal, el empresario de las artes Serguéi Diáguilev. Curiosamente, fue en Argentina donde Nijinsky contrajo matrimonio y donde interpretó su último ballet. La noche de su presentación final declaró su casamiento con Dios y se entregó a la escritura de estos textos casi sin pausa, durante poco más de un mes, hasta que fue internado en un hospital psiquiátrico. Este libro de culto, generalmente traducido como “Diarios” (pese a que el propio Nijinsky les llama Cuadernos), está hecho de una escritura que oscila entre momentos de un tono confesional y una profundidad mística, aunque siempre desbordante en ritmo y estilo poético. El lenguaje, llevado hasta el límite de la ecolalia, hace de la lectura un proceso exasperante y magnético.La presente edición, traducida directamente del ruso, cuenta con una introducción a la figura de Nijinsky y a su época a cargo de su traductor, Fulvio Franchi. Asimismo, culmina con un epílogo escrito por la filósofa y bailarina Marie Bardet, quien reflexiona en torno a los cruces entre escritura, danza, razón y movimiento que atraviesan los Cuadernos. El libro también incluye imágenes y fotografías de momentos fundamentales de la vida y obra de Nijinsky." -- Contracoberta |
| 600 17 - PUNTO DE ACCESO ADICIONAL DE MATERIA--NOMBRE DE PERSONA |
| Nombre de persona |
Nijinski, Vàtslav, |
| Fechas asociadas al nombre |
1890-1950 |
| Subdivisión de forma |
Diaris íntims |
| Fuente del encabezamiento o término |
|
| 9 (RLIN) |
55685 |
| 650 #7 - PUNTO DE ACCESO ADICIONAL DE MATERIA--TÉRMINO DE MATERIA |
| Término de materia o nombre geográfico como elemento de entrada |
Ballarins |
| Subdivisión de forma |
Diaris íntims |
| Fuente del encabezamiento o término |
lemac |
| 9 (RLIN) |
114790 |
| 650 #4 - PUNTO DE ACCESO ADICIONAL DE MATERIA--TÉRMINO DE MATERIA |
| Término de materia o nombre geográfico como elemento de entrada |
Ballarins de dansa clàssica |
| Subdivisión geográfica |
Rússia |
| Subdivisión cronológica |
S. XX |
| 9 (RLIN) |
68013 |
| 700 1# - ENTRADA AGREGADA--NOMBRE PERSONAL |
| Nombre de persona |
Franchi, Fulvio |
| Término indicativo de función/relación |
traductor |
| -- |
escriptor d'una introducció |
| 9 (RLIN) |
165616 |
| 700 1# - ENTRADA AGREGADA--NOMBRE PERSONAL |
| Nombre de persona |
Bardet, Marie, |
| Fechas asociadas al nombre |
1981- |
| Término indicativo de función/relación |
escriptor d’un epíleg |
| 9 (RLIN) |
164053 |
| 830 #0 - PUNTO DE ACCESO ADICIONAL DE SERIE-TÍTULO UNIFORME |
| Título uniforme |
Ensayo (Rara Avis) |
| 9 (RLIN) |
165617 |
| 908 ## - COLOCAR PARÁMETRO DE COMANDO (RLIN) |
| Colocar parámetro de comando |
CDMAE |
| 940 ## - EQUIVALENCIA O REFERENCIA-CRUZADA--TÍTULO UNIFORME [OBSOLETO] [solamente CAN/MARC] |
| Título uniforme |
<a href="CVA7">CVA7</a> |
| 942 ## - ELEMENTOS DE ENTRADA AGREGADA (KOHA) |
| Fuente del sistema de clasificación o colocación |
Clasificación decimal universal |
| Tipo de ítem Koha |
Llibre |